000 00753nam a2200289 a 4500
001 33334
003 AR-BaAGN
005 20231223063004.0
007 ta
008 220625s1992 sp |||||r|||| ||||||spa d
020 _a84-7100-427-5
040 _dAR-BaAGN
_aAR-BaAGN
_eaacr
_bspa
100 1 _aRamón, Armando de
245 1 0 _aSantiago de Chile :
_b1541-1991 : historia de una sociedad urbana
250 _a1ª ed.
260 _aMadrid :
_bFundación MAPFRE,
_c1992.
300 _a342 páginas
336 _2rdacontent
_btxt
337 _2rdamedia
_bn
338 _2rdacarrier
_bnc
650 4 _aSOCIEDAD
_91291
651 4 _aChile
_93632
651 4 _aSantiago de Chile
_93734
942 _cLIBRO
_n0
999 _c33334
_d33334